00477nam a2200169Ia 4500999001700000003000400017005001700021008004100038040000900079082001900088100003500107245005300142260004500195300000900240650001400249942004400263 c27597d27597OSt20201214113431.0190216s9999||||xx |||||||||||||| ||und|| coclc a894.812bRAD/A aRadhakrishnan, Kunnathur97434 0aArivukal Albhuthangal /cKunnathur Radhakrishnan bPoorna Publications, aKozhikode:c1995. a122p aMalayalam cBK2ddch894.812iRAD/Ak894.812mRAD/A